LEADER 02320nam 2200361 450 001 9910163397003321 005 20230412085146.0 010 $a3-95676-710-1 035 $a(CKB)3710000001047604 035 $a(NjHacI)993710000001047604 035 $a(EXLCZ)993710000001047604 100 $a20230412d2015 uy 1 101 0 $aeng 135 $aur||||||||||| 181 $ctxt$2rdacontent 182 $cc$2rdamedia 183 $acr$2rdacarrier 200 10$aSkylark Three /$fE. E. Smith 210 1$a[Place of publication not identified] :$cOtbebookpublishing,$d2015. 210 4$dİ2015 215 $a1 online resource (332 pages) 320 $aIncludes bibliographical references. 330 $aEdward Elmer Smith PhD (also E.E. Smith, E.E. "Doc" Smith, Doc Smith, "Skylark" Smith, or?to his family?Ted) (May 2, 1890? August 31, 1965) was an American food engineer (specialising in doughnut and pastry mixes) and early science fiction author, best known for the Lensman and Skylark series. He is sometimes called the father of space opera. "Skylark Three" (1948) is the second book in the Skylark series and is set a year after the events of The Skylark of Space, during which year antagonist Marc "Blackie" DuQuesne has used the wealth obtained in the previous book to buy a controlling interest in the story's 'World Steel Corporation', a large company known for its ruthless attitude. When the story begins DuQuesne announces a long absence from Earth, to find another species more knowledgeable than the Osnomians allied with protagonist Richard Seaton. Shortly thereafter, DuQuesne and a henchman disappear from Earth. DuQuesne, by now aware of the 'Object Compass' trained on him, travels far enough to break the connection, then turns toward the 'Green System' of which Osnome is a part. Seaton discovers this, but is distracted by attempts to master a "zone of force": essentially a spherical, immaterial shield, with whose present form Seaton is dissatisfied for its opacity and impenetrability even by the user. (Excerpt from Wikipedia). 606 $aFiction 615 0$aFiction. 676 $a808.3 700 $aSmith$b E. E.$0341057 801 0$bNjHacI 801 1$bNjHacl 906 $aBOOK 912 $a9910163397003321 996 $aSkylark Three$93084552 997 $aUNINA LEADER 03796nam 22005173 450 001 9910737284903321 005 20251116152041.0 010 $a1-00-335795-4 010 $a1-000-92357-6 010 $a1-003-35795-4 035 $a(CKB)27556867300041 035 $a(MiAaPQ)EBC7267845 035 $a(Au-PeEL)EBL7267845 035 $a(ScCtBLL)532f7fb4-1db0-499f-b9ff-b4f9feb90902 035 $a(EXLCZ)9927556867300041 100 $a20230825d2023 uy 0 101 0 $aeng 135 $aur||||||||||| 181 $ctxt$2rdacontent 182 $cc$2rdamedia 183 $acr$2rdacarrier 200 10$aQueer Reflections on AI $eUncertain Intelligences 205 $a1st ed. 210 1$aMilton :$cTaylor & Francis Group,$d2023. 210 4$dİ2024. 215 $a1 online resource (205 pages) 225 1 $aRoutledge Studies in New Media and Cyberculture Series 311 08$a9781032405216 327 $aIntroduction : queer(y)ing AI / Michael Klipphahn-Karge, Ann-Kathrin Koster, Sara Morais dos Santos Bruss -- Queering intelligence : a theory of intelligence as performance and a critique of individual and artificial intelligence / Blair Attard-Frost -- Neural "freedoms" : population, choice, and machine learning / Orit Halpern -- I spy with my little AI : how queer bodies are made dirty for digital technologies to claim cleanness / Nishant Shah -- We're all cyborgs now? : cripping the smart cyborg / Ute Kalender -- Uncanny bodies: queer subjects, artificial surrogates, and ambiguous robotics / Michael Klipphahn-Karge -- Patching & hoarding : recodings of digital reproduction technologies / Katrin Ko?ppert -- Wild science/fiction : conscious AI as queer excess in VanderMeer's Annihilation / Sara Morais dos Santos Bruss -- Innovation and iteration : queer machines and the tension between manifesto and manifestor / Carsten Junker -- AI as medium and message : the (im)possibility of a queer response / Johannes Bruder -- Inconclusion : absent presences / Os Keyes. 330 $a"This volume offers a socio-technical exploration of Artificial Intelligence (AI) and the way it reflects and reproduces certain normative representations of gender and sexuality, to ultimately guide more diverse and radical discussions of life with digital technologies. Moving beyond the examination of empirical examples and technical solutions, the book approaches the relationship between queerness and AI from a theoretical perspective that posits queer theory as central to understanding AI differently. The chapters pose questions about the politics and ethics of machine embodiments and data imaginaries on the one hand, and about technical possibilities for a production of social identities characterized by shifting diversity and multiplicity on the other, as they are mediated by and through digital technologies. Transgressing disciplinary boundaries to engage a diversity of conceptual tools, critical approaches, and theoretical traditions, this book will be an important resource for students and researchers of gender and sexuality, new media and digital cultures, cultural theory, art and visual culture, and Artificial Intelligence"--$cProvided by publisher. 410 0$aRoutledge Studies in New Media and Cyberculture Series 606 $aArtificial intelligence$xSocial aspects 606 $aQueer theory 615 0$aArtificial intelligence$xSocial aspects. 615 0$aQueer theory. 676 $a303.48/34 700 $aKlipphahn-Karge$b Michael$01293308 701 $aKoster$b Ann-Kathrin$01339417 701 $aSantos Bruss$b Sara Morais dos$01726674 801 0$bMiAaPQ 801 1$bMiAaPQ 801 2$bMiAaPQ 906 $aBOOK 912 $a9910737284903321 996 $aQueer Reflections on AI$94464945 997 $aUNINA